Japanische verben - A - Statistiken

Allgemein
  • Dieses Quiz wurde 32 mal gespielt
  • Das Durchschnittsergebnis liegt bei 5 aus 13
Antwortstatistiken
Hint Antwort % Korrekt
asobu(遊ぶ) spielen
87%
au(会う) treffen
87%
aruku(歩く) gehen
77%
ageru(あげる) geben
67%
akeru(開ける) öffnen
67%
arau(洗う) waschen
57%
atsumeru(集める) sammeln
37%
aru(有る) existieren
27%
atatamaru(暖まる) warm werden
20%
aku(開く) (etwas) öffnet sich
13%
awateru(慌てる) in Panik geraten
3%
atsumaru(集まる) (Jemand) sammelt
3%
aogu(仰ぐ) starren
3%
Keine übereinstimmenden Quizze gefunden
Verteilung der Resultate
Anzahl Personen mit jedem Resultat
Perzentil nach korrekt beantworteten Fragen
Ihre Resultats-Entwicklung
Sie haben dieses Quiz noch nicht gespielt